| 000 | 00490nam a2200205Ia 4500 | ||
|---|---|---|---|
| 001 | 5309 | ||
| 003 | GE_BSU | ||
| 008 | 181216s||||||||xx |||||||||||||| ||und|| | ||
| 040 | _cGE_BSU | ||
| 080 | _a517 | ||
| 100 | _aБолтянский, В.Г. | ||
| 245 | _aОгибающая. | ||
| 245 | _cРед. Л. Ю. Чернышева. | ||
| 260 | _aМосква | ||
| 260 | _bГосиздат | ||
| 260 | _c1961 | ||
| 300 | _a75 с. 22 см. | ||
| 653 | _aОгибающая. | ||
| 942 | _cBK | ||
| 999 |
_c38894 _d38894 |
||